000 00684cam a2200241 4500
001 J2825
008 090401t1994 xxu||||| |||| 00| 0 eng d
035 _a(Sirsi) u51348
041 _aeng
050 _a715.2
110 _aLand Use Consultants
_93228
245 _aUrban tree strategies: report to the department of the environment.
260 _aLondon
_bDepartment of the Environment
_c1994
300 _a109,3p.: ill. ; 30cm.
350 _a18.95
490 _aResearch for Amenity Trees
_v3
650 _aAMENITY TREES
650 _aTREES
650 _aURBAN TREES
710 _aUnited Kingdom
_bDepartment of the Environment
_9982
942 _n0
948 _c04/03/1997
999 _c92879
_d92879